• 首页
  • 本馆介绍
  • 公告通知
  • 最新文献
  • 馆藏检索
  • 电子资源
  • 读者导购
  • 参考咨询
  • 我的图书馆
  • 登录
  • 详细信息显示
  • 放入我的书架
  • 预约/预借图书
  • 作者相关作品
  • 分类相关作品
  • 丛书相关作品
  • 出版社相关作品

书目信息

  • 表格格式
  • 工作单格式
  • 卡片格式
题名:
国际财务管理
    
 
作者: 陈玉菁 , 薛跃 编著
分册:  
出版信息: 上海   立信会计出版社  2007
页数: 397页
开本: 23cm
丛书名:
单 册:
中图分类: F811.2
科图分类:
主题词: 国际财务管理
电子资源:
ISBN: 9787542917645
000 00789nam0 2200253 450
001 012007425892
005 20070515151101.81
010    @a9787542917645@dCNY36.00
100    @a20070316d2007 km y0chiy0120 ea
101 0  @achi
102    @aCN@b310000
105    @ay z 000yy
106    @ar
200 1  @a国际财务管理@Aguo ji cai wu guan li@f陈玉菁,薛跃编著@Fchen yu jing,xue yue bian zhu
205    @a2版
210    @a上海@c立信会计出版社@d2007
215    @a397页@c图@d23cm
330    @a本书共有五篇,第一篇,国际财务管理基础,第二篇,外汇风险管理,第三篇,国际融资管理,第四篇,国际投资管理。
606 0  @a国际财务管理
690    @aF811.2@v4
701  0 @a陈玉菁@Achen yu jing@4编著
701  0 @a薛跃@Axue yue@4编著
801  0 @aCN@bRULIN@c20070515
905    @dF811.2@e37=2@s8
    
    国际财务管理/陈玉菁,薛跃编著.-2版.-上海:立信会计出版社,2007
    397页:图;23cm
    
    
    ISBN 9787542917645:CNY36.00
    本书共有五篇,第一篇,国际财务管理基础,第二篇,外汇风险管理,第三篇,国际融资管理,第四篇,国际投资管理。
●
相关链接 在E读中查询图书 在五车中查询图书 在当当中查询图书 在豆瓣中查询图书


正题名:国际财务管理     索取号:F811.2/37=2         预约/预借

序号 登录号 条形码 馆藏地/架位号 状态 备注
1 0573374   205733740   第一样本阅览室/ [索取号:F811.2/37=2] 在馆    
2 0573375   205733759   第一借阅区/ [索取号:F811.2/37=2] 在馆    
3 0573376   205733768   第一借阅区/ [索取号:F811.2/37=2] 在馆    
4 0573377   205733777   第一借阅区/ [索取号:F811.2/37=2] 在馆    
5 0573378   205733786   密集书库/ [索取号:F811.2/37=2] 在馆    
6 0573379   205733795   第一借阅区/ [索取号:F811.2/37=2] 在馆    
7 0573380   205733802   密集书库/ [索取号:F811.2/37=2] 在馆    
8 0573381   205733811   密集书库/ [索取号:F811.2/37=2] 在馆    
唐山师范学院图书馆 欢迎您!
大连网信软件有限公司© 版权所有